Music Quiz

Random Music or Song Quiz

Sing with me Quiz Stats

 Plays Quiz not verified by Sporcle

Challenge
Share
Tweet
Embed
Score 0/25 Timer 04:00
0 Plays Today
% Correct
David Bowie
82.8%
Stevie Wonder
79.3%
Kenny Rogers
75.9%
Lionel Richie
72.4%
Mick Jagger
69%
Aaron Neville
69%
Bing Crosby
65.5%
Phil Collins
65.5%
Neil Diamond
58.6%
Kate Bush
55.2%
Nicole Kidman
51.7%
Dusty Springfield
51.7%
Montserrat Caballé
51.7%
% Correct
Jason Donovan
48.3%
David Bowie
44.8%
Barbra Streisand
44.8%
Neneh Cherry
44.8%
Don Johnson
44.8%
Al Green
41.4%
Tina Turner
41.4%
Tammy Wynette
41.4%
Iggy Pop
34.5%
Kim Wilde
34.5%
Paul Young
34.5%
Bonnie Tyler
27.6%

You're not logged in!

Compare scores with friends on all Sporcle quizzes.
Join for Free
OR
Log In

You Might Also Like...

Show Comments

Extras

Top Quizzes Today


Score Distribution

Your Account Isn't Verified!

In order to create a playlist on Sporcle, you need to verify the email address you used during registration. Go to your Sporcle Settings to finish the process.

Report this User

Report this user for behavior that violates our Community Guidelines.

Details: